Ma délután 5 órakor tartják az egyetemi színjátszók a Szép Magyar Szó délutánját [rövid hír]
Elmentve itt :
| Dokumentumtípus: | Cikk |
|---|---|
| Megjelent: |
1941-10-04
|
| Sorozat: | Délmagyarország
|
| Kulcsszavak: | Egyetemi Színjátszó Társulat, 1941 |
| Online Access: | http://univ.bibl.u-szeged.hu/34921 |
| LEADER | 00526nab a2200157 i 4500 | ||
|---|---|---|---|
| 001 | univ34921 | ||
| 005 | 20171214105301.0 | ||
| 008 | 171214s1941 hu o 0|| zxx d | ||
| 040 | |a SZTE UnivHistória Repozitórium |b hun | ||
| 041 | |a zxx | ||
| 245 | 0 | 0 | |a Ma délután 5 órakor tartják az egyetemi színjátszók a Szép Magyar Szó délutánját [rövid hír] |h [elektronikus dokumentum] |
| 260 | |c 1941-10-04 | ||
| 300 | |a 7 | ||
| 490 | 0 | |a Délmagyarország | |
| 561 | |a Egyetemi hirarchívum | ||
| 695 | |a Egyetemi Színjátszó Társulat, 1941 | ||